000 00699nam a2200193Ii 4500
003 JO-AjNU
008 230605s9999||||xx |||||||||||||| ||und||
040 _aJO-AjNU
_bara
_erda
_cJO-AjNU
041 _aara
050 1 4 _aKMM370 1991
100 3 _aالمعهد القضائي الاردني,
_eauthor
_946439
245 0 0 _aالمملكة الأردنية الهاشمية: وزارة العدل: المعهد القضائي الاردني
264 3 1 _aعمان: المعهد القضائي الاردني، 1991
300 _a84ص
336 _atext
_btxt
_2rdacontent
337 _aunmediated
_bn
_2rdamedia
338 _avolume
_bnc
_2rdacarrier
650 4 _aالاردن - القضاء
_946440
999 _aA20202
_c23770
_d23770